Normal view
MARC view
- Yoder, Dale
Entry Personal Name
001 - CONTROL NUMBER
- control field: 134390
003 - CONTROL NUMBER IDENTIFIER
- control field: NUST
005 - DATE AND TIME OF LATEST TRANSACTION
- control field: 20260509154250.0
008 - FIXED-LENGTH DATA ELEMENTS
- fixed length control field: 260509|| aca||aabn | a|a d
040 ## - CATALOGING SOURCE
- Original cataloging agency: NUST
- Transcribing agency: NUST
100 ## - HEADING--PERSONAL NAME
- Personal name: Yoder, Dale
670 ## - SOURCE DATA FOUND
- Source citation: Work cat.: (NUST): Yoder, Dale., Personnel Management and Industrial Relations /, 1938.
